| 000 | 00546nam a22001697a 4500 | ||
|---|---|---|---|
| 005 | 20260227092159.0 | ||
| 008 | 260227b |||||||| |||| 00| 0 eng d | ||
| 020 | _a9780231208222 (hbk) | ||
| 040 | _cPK-LaUMT | ||
| 082 |
_a301.09 _bAFT- |
||
| 245 |
_aAfter positivism : _bnew approaches to comparison in historical sociology / _cedited by Nicholas Hoover Wilson and Damon Mayrl |
||
| 260 |
_aNew York : _bColumbia University Press, _c2024 |
||
| 300 | _a371 p. | ||
| 650 |
_aPositivism _99548 |
||
| 650 |
_aSociology-History _99549 |
||
| 942 | _cBK | ||
| 999 |
_c139925 _d139925 |
||